000 00632nam a2200193 i 4500
001 89654
003 ES-MaACL
005 20230906180236.0
007 t|
008 050112s1908 fr |||| | fre d
080 _a821.133.1.09"18"
100 1 _aLasserre, Pierre.
_970470
245 1 3 _aLe romanticisme français
_b: essai sur la révolution dans les sentiments et dans les idées au XIXe siècle /
_cPierre Lasserre.
250 _aNouvelle ed.
260 _aParis :
_b[s.n.,
_c1908] (
_fBlass et Roy)
300 _aXXI, 547 p. ;
_c19 cm.
650 4 _aRomanticismo (Literatura)-
_zFrancia.
_9154617
852 _aES-MaACL
_jB-3260
999 _c89654
_d89654